|
|
|
|
| LEADER |
01282nam a2200253 a 4500 |
| 001 |
GR-MES7127 |
| 008 |
970101s gr 000 0 gre d |
| 020 |
|
|
|a 9602091665
|
| 040 |
|
|
|a GrPaTEI
|b gre
|c GR-PaULI
|
| 040 |
|
|
|a GrPaTEI
|b gre
|c GR-PaULI
|
| 245 |
0 |
0 |
|a Μαθετε εύκολα την Quick Basic /
|c Bob Albrecht / Wenden Wiegand / Dean Brown.
|
| 260 |
|
|
|a Αθήνα :
|b Κλειδάριθμος,
|c 1992
|
| 300 |
|
|
|a 407 σελ.
|
| 650 |
|
0 |
|a BASIC
|
| 650 |
|
4 |
|a Γλώσσα προγραμματισμού
|
| 700 |
1 |
|
|a ALBRECHT, BOB
|
| 700 |
1 |
|
|a Brown, D.
|
| 700 |
1 |
|
|a WIEGAND, WENDEN
|
| 942 |
|
|
|2 ddc
|
| 952 |
|
|
|0 1
|1 0
|2 ddc
|4 0
|6 005_362000000000000_ALB
|7 0
|9 277497
|a MSLG
|b MSLG
|c BSC
|d 2021-01-17
|e 24
|f 0
|g 0.00
|l 0
|o 005.362 ALB
|p 2420000016769
|r 2021-01-17 00:00:00
|t 1
|w 2021-01-17
|y BK15
|x 20001127 0 1
|x GrPaTEI
|
| 952 |
|
|
|0 0
|1 0
|2 ddc
|4 0
|6 005_362000000000000_ALB
|7 0
|9 277498
|a MSLG
|b MSLG
|c BSC
|d 2021-01-17
|e 24
|f 0
|g 0.00
|l 0
|o 005.362 ALB
|p 2420000016715
|r 2021-01-17 00:00:00
|t 1
|w 2021-01-17
|y BK15
|x 20010528 0 1
|x GrPaTEI
|
| 952 |
|
|
|0 0
|1 0
|2 ddc
|4 0
|6 005_362000000000000_ALB
|7 0
|9 277499
|a MSLG
|b MSLG
|c BSC
|d 2021-01-17
|e 24
|f 0
|g 0.00
|l 0
|o 005.362 ALB
|p 2420000018314
|r 2021-01-17 00:00:00
|t 1
|w 2021-01-17
|y BK15
|x 19970101 0 1
|x GrPaTEI
|
| 971 |
|
|
|a .b25855967
|b 16-04-20
|c 14-09-16
|
| 999 |
|
|
|c 161254
|d 161254
|